000 00651nam a2200205 a 4500
005 20240924070008.0
008 030529s2002 mx r 000 0 spa d
020 _a8471977311
035 _aUPN01000124825
049 _aCG
050 4 _aLB2806
_bE8.3
100 1 _aEstruch Tobella, Joan,
_d1953-
245 1 0 _aDirección profesional :
_by calidad educativa /
_cJoan Estruch Tobella.
260 _aBarcelona, Esp. :
_bCisspraxis,
_c2002.
300 _a168 p.
440 0 _aMonografías escuela española.
_pGestión de calidad
650 4 _aEscuelas
_xDirección y organización
_9346
650 4 _aEducación
_xPlanificación
_91146
905 _aLibro
999 _c97004
_d97004